| 000 | 00431nam a2200145 a 4500 | ||
|---|---|---|---|
| 001 | 000036193 | ||
| 005 | 20200930074937.0 | ||
| 008 | 120111s2007 dr cd 000 0 spa d | ||
| 020 | _a9789280641332 | ||
| 040 |
_aDO-SdBNP _bspa _cBNPHU |
||
| 082 |
_axxxx _bI43 |
||
| 245 | 0 | 3 |
_aLa infancia y el sida : _bun inventario de la situación. |
| 260 |
_a[República Dominicana] : _bONUSIDA, _c2007. |
||
| 300 |
_a40 p. : _bgráf., il. ; _c28 cm. |
||
| 999 |
_c35684 _d35684 |
||